ՀՀ Գիտությունների ազգային ակադեմիայի հիմնարար գիտական գրադարան  =   Fundamental Scientific Library of NAS RA

Ծիսական բառարան / (Record no. 8701)

MARC details
000 -LEADER
fixed length control field 01020nam a2200265 a 4500
001 - CONTROL NUMBER
control field 000022560
003 - CONTROL NUMBER IDENTIFIER
control field AM-YEHGA
005 - DATE AND TIME OF LATEST TRANSACTION
control field 20250618070836.0
008 - FIXED-LENGTH DATA ELEMENTS--GENERAL INFORMATION
fixed length control field 030329s1992 ai |||||||||||||||||arm d
020 ## - INTERNATIONAL STANDARD BOOK NUMBER
International Standard Book Number 5540014820
040 ## - CATALOGING SOURCE
Original cataloging agency AM-YeHGA
041 0# - LANGUAGE CODE
Language code of text/sound track or separate title arm
090 ## - LOCALLY ASSIGNED LC-TYPE CALL NUMBER (OCLC); LOCAL CALL NUMBER (RLIN)
-- 8762
100 1# - MAIN ENTRY--PERSONAL NAME
Personal name Օրմանյան, Մաղաքիա
Titles and words associated with a name արքեպիսկոպոս,
Dates associated with a name 1841-1918
9 (RLIN) 1548
245 10 - TITLE STATEMENT
Title Ծիսական բառարան /
Statement of responsibility, etc. Մաղաքիա Արքեպիսկոպոս Օրմանեան ; Արևմտահայ. փոխադր.՝ Ի. Ավետիսյան, Ռ. Նազարյան; Խմբ.՝ Ի.Գ. Ավետիսյան.
260 ## - PUBLICATION, DISTRIBUTION, ETC.
Place of publication, distribution, etc. Երևան :
Name of publisher, distributor, etc. Հայաստան ,
Date of publication, distribution, etc. 1992.
300 ## - PHYSICAL DESCRIPTION
Extent 182 էջ ;
Dimensions 20 սմ.
650 14 - SUBJECT ADDED ENTRY--TOPICAL TERM
Topical term or geographic name entry element Կրոն
650 14 - SUBJECT ADDED ENTRY--TOPICAL TERM
Topical term or geographic name entry element Քրիստոնեություն
General subdivision Բառարան
653 0# - INDEX TERM--UNCONTROLLED
Uncontrolled term Հայոց եկեղեցի
700 1# - ADDED ENTRY--PERSONAL NAME
Personal name Ավետիսյան, Իվետա
Relator term փոխադր.
Relationship adp
700 1# - ADDED ENTRY--PERSONAL NAME
Personal name Նազարյան, Ռոզա
Relator term փոխադր.
Relationship adp
700 1# - ADDED ENTRY--PERSONAL NAME
Personal name Ավետիսյան, Ի.Գ.
Relator term խմբ.
Relationship edt
942 ## - ADDED ENTRY ELEMENTS (KOHA)
Koha item type Գրքեր / Books
Holdings
Withdrawn status Lost status Damaged status Not for loan Collection Home library Current library Date acquired Total checkouts Full call number Barcode Date last seen Price effective from Koha item type Public note Copy number
        General Fundamental Scientific Library Fundamental Scientific Library 21/12/2016   AII/83228 FL0076526 21/12/2016 21/12/2016 Գրքեր / Books 30 Days Loan  
        General Fundamental Scientific Library Fundamental Scientific Library 21/12/2016   AII/83229 FL0199477 21/12/2016 21/12/2016 Գրքեր / Books 30 Days Loan 281.6(038)


ՀՀ ԳԱԱ հիմնարար գիտական գրադարան
ՀՀ,Երևան 0019
Մարշալ Բաղրամյան 24/6
հեռախոս:(374-10) 52-47-50
Հետադարձ կապ

All site content, except where otherwise noted, is licensed under a
Creative Commons License